The Immortals of Meluha / (Record no. 447)

000 -LEADER
fixed length control field 00509nam a2200169Ia 4500
008 - FIXED-LENGTH DATA ELEMENTS--GENERAL INFORMATION
fixed length control field 190805s9999||||xx |||||||||||||| ||und||
020 ## - INTERNATIONAL STANDARD BOOK NUMBER
International Standard Book Number 9789380658742
Terms of availability Rs. 399.00
082 04 - DEWEY DECIMAL CLASSIFICATION NUMBER
Classification number 823.92
Item number T7374
100 1# - MAIN ENTRY--PERSONAL NAME
Personal name Tripathi, Amish
245 14 - TITLE STATEMENT
Title The Immortals of Meluha /
260 ## - PUBLICATION, DISTRIBUTION, ETC. (IMPRINT)
Place of publication, distribution, etc Chennai :
Name of publisher, distributor, etc Westland Ltd.,
Date of publication, distribution, etc 2010, reprinted 2018
300 ## - PHYSICAL DESCRIPTION
Extent xviii, 417 p.
Other physical details :
Dimensions ; 20 cm.
490 00 - SERIES STATEMENT
Series statement Shiva Trilogy ;
Volume number/sequential designation 1
650 #0 - SUBJECT ADDED ENTRY--TOPICAL TERM
Topical term or geographic name as entry element Indus civilization
Form subdivision Fiction
852 ## - LOCATION/CALL NUMBER
Location
942 ## - ADDED ENTRY ELEMENTS (KOHA)
Item type Books
Holdings
Withdrawn status Lost status Source of classification or shelving scheme Damaged status Not for loan Collection code Permanent location Current location Shelving location Date acquired Source of acquisition Cost, normal purchase price Total Checkouts Total Renewals Full call number Barcode Date last seen Date last borrowed Koha item type Public note
          Fiction IMU Kochi Library IMU Kochi Library General Stacks 2019-07-05 The Book Syndicate 195.00 16 8 823.92 T7374 BK005743 2025-09-03 2025-08-07 Books Shelf-19, Row-2


Copyright © All Rights Reserved by Indian Maritime University, Kochi Campus.
For any Suggestions/Query Contact to library or Email: library.kochi@imu.ac.in Ph:(0484)-2989402
(Web OPAC Designed by Rudra Ranjan. Maintained by IMU Kochi Library)

Powered by Koha